Svatí všedního dne /

Hlavní autor: Dacík, Reginald Maria, 1907-1988
Jazyk: Čeština
Vydáno: Praha : Edice Jitro, [1940]
Fyzický popis: 23 s. ; 12°
Knihy
Uloženo v:
LEADER 00678nam a22002052a 4500
001 000820118
003 CZ BrMZK
005 20210714113839.0
007 ta
008 060620s1940 xr er|||||||||||cze d
015 |a cnb000753676 
040 |a ABA001  |b cze  |c LIA001  |d ABA001  |d BOA001 
100 1 |a Dacík, Reginald Maria,  |d 1907-1988  |7 jk01021979  |4 aut 
245 1 0 |a Svatí všedního dne /  |c Reginald Maria Dacík 
260 |a Praha :  |b Edice Jitro,  |c [1940]  |f (Českoslovanská akciová tiskárna) 
300 |a 23 s. ;  |c 12° 
910 |a BOA001  |b 1-0153.117 
990 |a BK 
991 |b 200606 
996 7 |b 2619228255  |c 1-0153.117  |l MZK  |r Sklad / do 1 hodiny  |n 5  |w 000820118  |u 000010  |a 1  |e BOA001  |j MZK50  |s A